[Event "I Open I Like Elo"]
[Site "Roma ITA"]
[Date "2008.10.22"]
[Round "2"]
[White "Luzi, Alessandro"]
[Black "Silvestri, Maurizio"]
[Result "1-0"]
[WhiteElo "1912"]
[BlackElo "1627"]
[PlyCount "47"]
[EventDate "2008.10.15"]

1. e4 c5 2. Nf3 d6 3. d4 cxd4 4. Nxd4 Nf6 5. Nc3 a6 6. Be2 e6 7. O-O Be7 8. Be3
O-O 9. f4 Qc7 10. Qe1 b5 11. a3 Bb7 12. Bd3 Nbd7 13. Qg3 Kh8 14. Nb3 Rg8 15.
Qh3 Rac8 16. e5 dxe5 17. fxe5 Qxe5 18. Bxh7 Nxh7 19. Rxf7 Bc5 20. Nxc5 Nxc5 21.
Raf1 Rc7 22. Rf8 Qd6 23. R8f4 Rcc8 24. Rh4 1-0

[Event "I Open I Like Elo"]
[Site "Roma ITA"]
[Date "2008.10.22"]
[Round "2"]
[White "Marigliani, Cristiano"]
[Black "D'Amico, Salvatore"]
[Result "1-0"]
[WhiteElo "1533"]
[BlackElo "1910"]
[PlyCount "55"]
[EventDate "2008.10.15"]

1. e4 d6 2. d4 Nf6 3. Nc3 g6 4. f4 Bg7 5. Nf3 c5 6. dxc5 Qa5 7. Bb5+ Bd7 8.
Bxd7+ Nbxd7 9. O-O Qxc5+ 10. Kh1 O-O 11. Qe1 a6 12. Be3 Qc6 13. Qh4 Nxe4 14.
Nxe4 Nf6 15. Nxf6+ Bxf6 16. Ng5 h5 17. c3 Kg7 18. Qf2 e5 19. fxe5 dxe5 20.
Qxf6+ Qxf6 21. Rxf6 Kxf6 22. Nh7+ Kg7 23. Nxf8 Rxf8 24. Rd1 f5 25. Rd7+ Rf7 26.
Rxf7+ Kxf7 27. g3 Ke6 28. c4 1-0

[Event "I Open I Like Elo"]
[Site "Roma ITA"]
[Date "2008.10.22"]
[Round "2"]
[White "Mecali, Antonello"]
[Black "Castelfranchi, Carlo"]
[Result "0-1"]
[WhiteElo "1866"]
[BlackElo "2077"]
[PlyCount "78"]
[EventDate "2008.10.15"]

1. c4 Nf6 2. Nf3 g6 3. g3 Bg7 4. Bg2 O-O 5. O-O d5 6. cxd5 Nxd5 7. Nc3 Nb6 8.
d4 Nc6 9. a3 Bf5 10. e4 Bg4 11. d5 Nd4 12. h3 Nxf3+ 13. Bxf3 Bxh3 14. Bg2 Bxg2
15. Kxg2 Qd7 16. Bf4 c6 17. Qb3 cxd5 18. exd5 Bxc3 19. Qxc3 Nxd5 20. Qd2 Nxf4+
21. Qxf4 Qd5+ 22. f3 Rac8 23. Rf2 Rc4 24. Qe3 Qc5 25. Qe2 Rc8 26. Rd1 Rc2 27.
Rd2 Rxd2 28. Qxd2 Qc1 29. Qd3 Rc5 30. g4 Qg5 31. Qd8+ Kg7 32. Qd4+ Qe5 33. Qb4
b5 34. Qd2 Rd5 35. Qc1 h5 36. Kh3 hxg4+ 37. fxg4 Rd3+ 38. Kg2 Qg3+ 39. Kf1 Qxg4
0-1

[Event "I Open I Like Elo"]
[Site "Roma ITA"]
[Date "2008.10.22"]
[Round "2"]
[White "Musmarra, Giovanni"]
[Black "Marino, Danilo"]
[Result "0-1"]
[WhiteElo "1725"]
[BlackElo "1969"]
[PlyCount "96"]
[EventDate "2008.10.15"]

1. e4 c5 2. Nf3 a6 3. c4 Nc6 4. d4 cxd4 5. Nxd4 Qc7 6. Nc3 e6 7. Be2 Nf6 8. O-O
Be7 9. Be3 d6 10. f4 O-O 11. Bf3 Nxd4 12. Qxd4 e5 13. Qd3 Be6 14. b3 Rac8 15.
f5 Bd7 16. Bg5 Bc6 17. Rad1 Rfd8 18. Bxf6 Bxf6 19. Nd5 Bxd5 20. Qxd5 Qc5+ 21.
Kh1 b5 22. cxb5 axb5 23. Bh5 Qxd5 24. Rxd5 Rc2 25. Rfd1 b4 26. Rxd6 Rxd6 27.
Rxd6 Rxa2 28. h3 Be7 29. Rb6 g6 30. Bf3 Kg7 31. g4 f6 32. Rb7 Kf7 33. Rd7 Ke8
34. Rd3 Bc5 35. h4 gxf5 36. exf5 Bd4 37. g5 Kf7 38. Bd5+ Kg7 39. Rg3 Rf2 40.
Be6 Rf4 41. Rh3 Rf1+ 42. Kg2 Rg1+ 43. Kf3 fxg5 44. Rg3 e4+ 45. Kg4 h5+ 46. Kh3
g4+ 47. Kh2 Be5 48. Kxg1 Bxg3 0-1

[Event "I Open I Like Elo"]
[Site "Roma ITA"]
[Date "2008.10.22"]
[Round "2"]
[White "Peverieri, Alfredo"]
[Black "Riccioni, Luigi"]
[Result "0-1"]
[WhiteElo "1757"]
[BlackElo "1467"]
[PlyCount "98"]
[EventDate "2008.10.15"]

1. e4 e6 2. c4 d5 3. cxd5 exd5 4. exd5 Qxd5 5. Nf3 Nf6 6. Be2 Be7 7. Nc3 Qd8 8.
O-O O-O 9. d4 Nbd7 10. Be3 Nb6 11. Qc2 Bg4 12. Rac1 c6 13. Rfd1 Nbd5 14. Nxd5
Qxd5 15. h3 Bf5 16. Qc4 Be6 17. Qxd5 Bxd5 18. a3 Rfe8 19. Re1 Ne4 20. Ne5 Bg5
21. Bf3 Bxe3 22. Rxe3 Nf6 23. Rce1 Bxf3 24. Nxf3 Kf8 25. Ne5 Re6 26. g4 Rd8 27.
Re4 Nxe4 28. Rxe4 f6 29. Nd7+ Ke7 30. Rxe6+ Kxe6 31. Nc5+ Kf7 32. Kf1 Rxd4 33.
Ke2 b6 34. Nd3 c5 35. Ke3 g6 36. Nb4 Rd1 37. Nd3 Rh1 38. Nf4 g5 39. Nd5 Rxh3+
40. f3 Rh2 41. b4 Ra2 42. bxc5 Rxa3+ 43. Ke4 bxc5 44. Nc7 c4 45. Nb5 Ra1 46.
Nd6+ Ke6 47. Nxc4 Ra4 48. Kd4 Rxc4+ 49. Kxc4 Ke5 0-1

[Event "I Open I Like Elo"]
[Site "Roma ITA"]
[Date "2008.10.22"]
[Round "2"]
[White "Piccolo, Giuseppe"]
[Black "Mulas, Icaro"]
[Result "1/2-1/2"]
[WhiteElo "1623"]
[BlackElo "1813"]
[PlyCount "45"]
[EventDate "2008.10.15"]

1. e4 c5 2. Nc3 d6 3. g3 Nf6 4. Bg2 Nc6 5. d3 g6 6. Nge2 Bg7 7. O-O O-O 8. f4
e6 9. h3 a6 10. Be3 Qc7 11. Qd2 b5 12. g4 Bb7 13. Ng3 Rad8 14. Qe2 Nd7 15. Rae1
Nb6 16. a3 Nd4 17. Bxd4 Bxd4+ 18. Kh1 h6 19. Nd1 Rde8 20. c3 Bf6 21. Qd2 Bh4
22. Re3 g5 23. Nh5 1/2-1/2

[Event "I Open I Like Elo"]
[Site "Roma ITA"]
[Date "2008.10.22"]
[Round "2"]
[White "Rampini, Carlo"]
[Black "Ruotolo, Claudio"]
[Result "1-0"]
[WhiteElo "1488"]
[BlackElo "1755"]
[PlyCount "101"]
[EventDate "2008.10.15"]

1. e4 e5 2. Nf3 Nc6 3. Bb5 f5 4. exf5 e4 5. Bxc6 dxc6 6. Ne5 Bxf5 7. Qh5+ g6 8.
Nxg6 Nf6 9. Qxf5 hxg6 10. Qxg6+ Ke7 11. Nc3 Rg8 12. Qf5 Rxg2 13. Nxe4 Qd4 14.
d3 Nxe4 15. Qxe4+ Qxe4+ 16. dxe4 Re8 17. Kf1 Rg4 18. f3 Rg6 19. Be3 Kf7 20. Rg1
Rf6 21. Ke2 Bd6 22. h4 c5 23. Rg4 Re5 24. Rh1 Rh5 25. Bg5 Re6 26. Bf4 b5 27.
Bxd6 cxd6 28. Rg5 Rxg5 29. hxg5 d5 30. Kd3 dxe4+ 31. fxe4 Kg7 32. Ke3 Ra6 33.
a3 Ra4 34. Kf4 Rc4 35. Rh2 a5 36. Kf5 b4 37. axb4 cxb4 38. e5 a4 39. b3 axb3
40. cxb3 Rc3 41. Rd2 Rf3+ 42. Ke6 Rxb3 43. Kd7 Ra3 44. e6 b3 45. e7 Ra7+ 46.
Ke8 Ra2 47. Rd6 Ra8+ 48. Kd7 Ra7+ 49. Ke6 Ra2 50. e8=Q Re2+ 51. Kd7 1-0

[Event "I Open I Like Elo"]
[Site "Roma ITA"]
[Date "2008.10.22"]
[Round "2"]
[White "Sermoneta, Eugenio"]
[Black "Maggi, Fabrizio"]
[Result "0-1"]
[WhiteElo "1742"]
[BlackElo "2022"]
[PlyCount "62"]
[EventDate "2008.10.15"]

1. c4 f5 2. d4 Nf6 3. Nc3 g6 4. g3 Bg7 5. Bg2 d6 6. Nf3 O-O 7. O-O Nc6 8. d5
Na5 9. Qd3 e5 10. dxe6 Bxe6 11. b3 Nc6 12. Bb2 Qe7 13. Nd2 Nb4 14. Qb1 c5 15.
a3 Nc6 16. e3 Rae8 17. Qc2 a6 18. Rad1 g5 19. e4 f4 20. Nd5 Bxd5 21. exd5 Ne5
22. Rfe1 fxg3 23. fxg3 Nfg4 24. Re2 Nxh2 25. Be4 Nhg4 26. Bxh7+ Kh8 27. Rde1
Qf7 28. Rf1 Qh5 29. Rxf8+ Rxf8 30. Be4 Qh3 31. Nf1 Rxf1# 0-1

[Event "I Open I Like Elo"]
[Site "Roma ITA"]
[Date "2008.10.22"]
[Round "2"]
[White "Urzi', Silvio"]
[Black "Pala, Giorgio"]
[Result "1-0"]
[WhiteElo "1806"]
[BlackElo "1988"]
[PlyCount "55"]
[EventDate "2008.10.15"]

1. c4 Nf6 2. Nc3 g6 3. e4 d6 4. d4 Bg7 5. Nge2 e5 6. d5 O-O 7. Ng3 Ne8 8. Be2
Qh4 9. Be3 f5 10. exf5 gxf5 11. Nh5 f4 12. g3 Qh3 13. gxf4 exf4 14. Nxf4 Qh4
15. Qd2 Bf5 16. O-O-O Nd7 17. Ne6 Bxe6 18. dxe6 Nc5 19. Qd5 c6 20. Qg2 Nxe6 21.
Bg4 Qe7 22. Qe4 N8c7 23. Rhg1 Kh8 24. Rde1 Rae8 25. Bf5 Nc5 26. Qg4 Qf6 27. Rd1
Rg8 28. Bd4 1-0

[Event "I Open I Like Elo"]
[Site "Roma ITA"]
[Date "2008.10.22"]
[Round "2"]
[White "Vertechi, Pietro"]
[Black "Guidi, Marco"]
[Result "1-0"]
[WhiteElo "1669"]
[BlackElo "1905"]
[PlyCount "83"]
[EventDate "2008.10.15"]

1. d4 Nf6 2. c4 c5 3. d5 e6 4. Nc3 exd5 5. cxd5 d6 6. g3 a6 7. a4 g6 8. Bg2 Bg7
9. Nf3 O-O 10. Nd2 Qe7 11. Nc4 Nbd7 12. h3 b6 13. Bf4 Ne8 14. Ne4 Be5 15. Nxe5
Nxe5 16. Bh6 Ng7 17. O-O Bf5 18. Nc3 Bc8 19. e4 Rb8 20. f4 Nc4 21. Qe2 b5 22.
axb5 axb5 23. b3 Nb6 24. Qxb5 Bd7 25. Qd3 Ra8 26. Rae1 f6 27. e5 fxe5 28. fxe5
Rxf1+ 29. Qxf1 Rf8 30. Qe2 dxe5 31. Qxe5 Qf7 32. Rf1 Bf5 33. g4 Re8 34. Qxg7+
Qxg7 35. Bxg7 Bc2 36. Bh6 Bxb3 37. Rb1 c4 38. d6 Rd8 39. Rf1 Re8 40. Bc6 Rd8
41. d7 Bc2 42. Bg5 1-0

[Event "I Open I Like Elo"]
[Site "Roma ITA"]
[Date "2008.10.22"]
[Round "2"]
[White "Vespe, Francesco"]
[Black "Palama', Pierpaolo"]
[Result "1-0"]
[WhiteElo "2008"]
[BlackElo "1446"]
[PlyCount "43"]
[EventDate "2008.10.15"]

1. d4 Nf6 2. c4 e6 3. Nf3 h6 4. g3 c6 5. Bg2 d5 6. O-O Nbd7 7. Nbd2 dxc4 8.
Nxc4 b5 9. Nce5 Nb6 10. Nxc6 Qc7 11. Nfe5 Nfd5 12. Qb3 a6 13. e4 Ne7 14. d5 f6
15. Nxe7 Bxe7 16. Ng6 Rh7 17. dxe6 Qd6 18. e5 fxe5 19. Bxa8 Bxe6 20. Qf3 Bc4
21. Rd1 Qxg6 22. Bc6+ 1-0

[Event "I Open I Like Elo"]
[Site "Roma ITA"]
[Date "2008.10.29"]
[Round "3"]
[White "Arabito, Giuseppe"]
[Black "Elia, Alessio"]
[Result "1/2-1/2"]
[WhiteElo "1919"]
[BlackElo "1869"]
[PlyCount "109"]
[EventDate "2008.10.15"]

1. e4 d6 2. d4 Nf6 3. Nc3 g6 4. Nf3 Bg7 5. Be2 O-O 6. O-O Nc6 7. h3 e5 8. dxe5
Nxe5 9. Nxe5 dxe5 10. Be3 c6 11. Qxd8 Rxd8 12. Rfd1 Rxd1+ 13. Rxd1 Be6 14. a3
Bf8 15. g4 Nd7 16. Kg2 Bc5 17. Bc1 b5 18. Nb1 Kf8 19. Nd2 Ke7 20. b4 Bd4 21. c4
bxc4 22. Bxc4 Nb6 23. Bxe6 Kxe6 24. Nb3 Rd8 25. Na5 Rd6 26. Nb3 Nc4 27. Kf3 Bb2
28. Nc5+ Ke7 29. Rxd6 Kxd6 30. Bxb2 Nxb2 31. a4 a5 32. Nb7+ Kc7 33. Nxa5 Nxa4
34. Ke3 c5 35. b5 Nb6 36. Kd3 f6 37. h4 Nd7 38. Kc4 h6 39. Nb3 Kd6 40. Nd2 Nb6+
41. Kb3 Ke6 42. Nc4 Nd7 43. Ka4 f5 44. gxf5+ gxf5 45. b6 fxe4 46. Kb5 Nxb6 47.
Nxb6 Kf5 48. Nd7 Kf4 49. Kxc5 e3 50. fxe3+ Kxe3 51. Kd5 Kf4 52. Nf8 Kg4 53. Ng6
Kh5 54. Kxe5 Kxg6 55. Kf4 1/2-1/2

[Event "I Open I Like Elo"]
[Site "Roma ITA"]
[Date "2008.10.29"]
[Round "3"]
[White "Boccardi, Alessandro"]
[Black "Musmarra, Giovanni"]
[Result "1-0"]
[WhiteElo "1494"]
[BlackElo "1725"]
[PlyCount "59"]
[EventDate "2008.10.15"]

1. e4 e5 2. Nf3 Nc6 3. Bb5 a6 4. Bxc6 dxc6 5. d4 exd4 6. Qxd4 Qd6 7. h3 Be6 8.
Qxd6 cxd6 9. Nc3 Nf6 10. Nd4 O-O-O 11. Bg5 Be7 12. O-O-O h6 13. Be3 d5 14. e5
Nd7 15. f4 c5 16. f5 cxd4 17. fxe6 Nxe5 18. Bxd4 Bf6 19. exf7 Bg5+ 20. Kb1 Nxf7
21. Rhf1 Rd7 22. Bxg7 Rg8 23. Bd4 Bd8 24. Rg1 Ng5 25. Be3 Rg6 26. Rxd5 Rdg7 27.
Rgd1 Bf6 28. Bxg5 Rxg5 29. Rxg5 Bxc3 30. Rxg7 1-0

[Event "I Open I Like Elo"]
[Site "Roma ITA"]
[Date "2008.10.29"]
[Round "3"]
[White "Capitani, Roberto"]
[Black "Gerlando, Onofrio"]
[Result "0-1"]
[WhiteElo "1599"]
[BlackElo "1509"]
[PlyCount "60"]
[EventDate "2008.10.15"]

1. e4 e5 2. Nf3 Nc6 3. Bb5 Nge7 4. O-O g6 5. d4 exd4 6. Nxd4 Bg7 7. Nxc6 bxc6
8. Bc4 O-O 9. Nc3 Bb7 10. Bg5 h6 11. Be3 Kh7 12. Qd2 a5 13. Ne2 d5 14. exd5
cxd5 15. Bd3 Ng8 16. Nf4 d4 17. Nh5 dxe3 18. fxe3 Ba6 19. Nxg7 Bxd3 20. cxd3
Kxg7 21. Rac1 Kh7 22. d4 Ne7 23. Qc3 Nd5 24. Qb3 f5 25. e4 Nb4 26. Rcd1 fxe4
27. Rxf8 Qxf8 28. Rf1 Qg8 29. Qc3 Nd5 30. Re1 Nxc3 0-1

[Event "I Open I Like Elo"]
[Site "Roma ITA"]
[Date "2008.10.29"]
[Round "3"]
[White "D'Amico, Salvatore"]
[Black "Vertechi, Pietro"]
[Result "0-1"]
[WhiteElo "1910"]
[BlackElo "1669"]
[PlyCount "82"]
[EventDate "2008.10.15"]

1. e4 e6 2. d4 d5 3. e5 c5 4. c3 Nc6 5. Nf3 Bd7 6. a3 f6 7. b4 fxe5 8. dxe5 Qc7
9. Bf4 Nge7 10. Bd3 h6 11. h4 O-O-O 12. Nbd2 g6 13. Qb1 Bg7 14. bxc5 Nxe5 15.
Bxe5 Bxe5 16. Qb2 Bg7 17. Rb1 e5 18. Be2 Rhg8 19. Qb3 Bc6 20. Bb5 Nf5 21. g4
Ne7 22. O-O Qd7 23. Nh2 h5 24. Bxc6 Nxc6 25. Qd1 Qe7 26. g5 Qxc5 27. Qf3 Rgf8
28. Qh3+ Kb8 29. c4 Rf4 30. cxd5 Qxd5 31. Rfd1 Rd4 32. Nhf3 Rg4+ 33. Kh2 e4 34.
Nf1 Qxd1 35. Rxd1 Rxd1 36. N3d2 Nd4 37. Kh1 Nf3 38. Nxf3 exf3 39. Qxf3 Rxf1+
40. Kh2 Be5+ 41. Kh3 Rg3+ 0-1

[Event "I Open I Like Elo"]
[Site "Roma ITA"]
[Date "2008.10.29"]
[Round "3"]
[White "De Maria, Isaia"]
[Black "Mecali, Antonello"]
[Result "1-0"]
[WhiteElo "1867"]
[BlackElo "1866"]
[PlyCount "55"]
[EventDate "2008.10.15"]

1. e4 c5 2. c3 d5 3. exd5 Qxd5 4. d4 cxd4 5. cxd4 Nc6 6. Nf3 Nf6 7. Nc3 Qd8 8.
d5 Nb8 9. Bc4 g6 10. Bf4 a6 11. a4 Nh5 12. Be3 Bg7 13. O-O O-O 14. Re1 Qc7 15.
Qb3 Bg4 16. Ng5 h6 17. d6 exd6 18. Nd5 Qd8 19. Nxf7 Rxf7 20. Nb6 Nc6 21. Bxf7+
Kh7 22. Nxa8 Qxa8 23. Be6 Ne5 24. Bxg4 Nxg4 25. Qf7 Ne5 26. Qe7 Nf6 27. Qxd6
Nf7 28. Qe7 1-0

[Event "I Open I Like Elo"]
[Site "Roma ITA"]
[Date "2008.10.29"]
[Round "3"]
[White "Guidi, Marco"]
[Black "Colantonio, Marco"]
[Result "1-0"]
[WhiteElo "1905"]
[BlackElo "1699"]
[PlyCount "69"]
[EventDate "2008.10.15"]

1. a3 e5 2. Nf3 Nc6 3. d4 exd4 4. Nxd4 Bc5 5. Nb3 Bb6 6. c4 a6 7. c5 Ba7 8. Nc3
Nf6 9. Bg5 h6 10. Bh4 g5 11. Bg3 Nh5 12. e3 Nxg3 13. hxg3 b6 14. Qd5 Bb7 15.
cxb6 Bxb6 16. Nc5 Bxc5 17. Qxc5 Qe7 18. Qxe7+ Nxe7 19. O-O-O O-O-O 20. e4 f5
21. Bd3 fxe4 22. Bxe4 Bxe4 23. Nxe4 d5 24. Nc5 Rd6 25. f4 g4 26. Rh5 Rf8 27.
Re1 Nf5 28. Re5 Nxg3 29. Rh2 h5 30. Kd1 Rxf4 31. Re8+ Rd8 32. Rxd8+ Kxd8 33.
Ne6+ Kd7 34. Nxf4 Kd6 35. Nxh5 1-0

[Event "I Open I Like Elo"]
[Site "Roma ITA"]
[Date "2008.10.29"]
[Round "3"]
[White "Maggi, Fabrizio"]
[Black "Luzi, Alessandro"]
[Result "1-0"]
[WhiteElo "2022"]
[BlackElo "1912"]
[PlyCount "61"]
[EventDate "2008.10.15"]

1. c4 Nf6 2. Nc3 g6 3. e4 d6 4. d4 Bg7 5. Nge2 O-O 6. Ng3 e5 7. d5 c6 8. Be2
cxd5 9. cxd5 Nbd7 10. h4 a5 11. h5 Nc5 12. Bg5 Qb6 13. Qd2 Bd7 14. O-O a4 15.
h6 Bh8 16. Kh1 a3 17. Rab1 axb2 18. Rxb2 Qa5 19. Rfb1 Rfc8 20. Rb6 Na4 21. Nxa4
Qxd2 22. Bxd2 Rxa4 23. Rxd6 Rxa2 24. Bg5 Nxe4 25. Nxe4 Rxe2 26. Ng3 Bf5 27.
Rxb7 Rxf2 28. Rd8+ Rxd8 29. Bxd8 e4 30. Rb8 Be5 31. Bc7+ 1-0

[Event "I Open I Like Elo"]
[Site "Roma ITA"]
[Date "2008.10.29"]
[Round "3"]
[White "Marino, Danilo"]
[Black "Iacoacci, Giancarlo"]
[Result "1-0"]
[WhiteElo "1969"]
[BlackElo "1752"]
[PlyCount "45"]
[EventDate "2008.10.15"]

1. e4 c6 2. c4 d5 3. exd5 cxd5 4. cxd5 Nf6 5. Qa4+ Nbd7 6. Nc3 a6 7. d4 Rb8 8.
Bf4 b5 9. Qb3 Rb7 10. a4 Qa5 11. Bd3 b4 12. Ne4 Nxe4 13. Bxe4 Nf6 14. Rc1 Nxe4
15. Rxc8+ Kd7 16. Qc4 b3+ 17. Ke2 Qb6 18. Nf3 f6 19. Rc1 Nd6 20. Bxd6 exd6 21.
Rc6 Qd8 22. Qxa6 Qe7+ 23. Ne5+ 1-0

[Event "I Open I Like Elo"]
[Site "Roma ITA"]
[Date "2008.10.29"]
[Round "3"]
[White "Mazza, Maurizio"]
[Black "De Lisa, Carmine"]
[Result "0-1"]
[WhiteElo "1765"]
[BlackElo "1699"]
[PlyCount "86"]
[EventDate "2008.10.15"]

1. e4 c5 2. c3 Nf6 3. e5 Nd5 4. Nf3 Nc6 5. d4 cxd4 6. cxd4 e6 7. Bc4 Nb6 8. Bb3
Be7 9. Nc3 d5 10. Bf4 a5 11. a3 a4 12. Bc2 Bd7 13. O-O O-O 14. Qd3 g6 15. Rfe1
Nb8 16. Bh6 Re8 17. Rab1 Nc4 18. Qd1 b5 19. Na2 Na6 20. Qc1 b4 21. axb4 Nxb4
22. Nxb4 Bxb4 23. Qf4 Be7 24. Ng5 f5 25. exf6 Bxf6 26. h4 Bxg5 27. Bxg5 Rf8 28.
Qg3 Qb6 29. h5 Qxd4 30. hxg6 hxg6 31. Be7 Rf7 32. Bb4 e5 33. Qxg6+ Rg7 34. Qh6
Nxb2 35. Bd6 Nc4 36. Rb4 Qg4 37. g3 e4 38. Rxc4 Rh7 39. Qd2 Qh5 40. Kf1 Bh3+
41. Kg1 Bg4 42. Bxe4 dxe4 43. f3 Qh1+ 0-1

[Event "I Open I Like Elo"]
[Site "Roma ITA"]
[Date "2008.10.29"]
[Round "3"]
[White "Medori, Marco"]
[Black "Vespe, Francesco"]
[Result "0-1"]
[WhiteElo "1929"]
[BlackElo "2008"]
[PlyCount "119"]
[EventDate "2008.10.15"]

1. d4 Nf6 2. Bf4 d6 3. e3 g6 4. Nc3 Bg7 5. Nf3 c5 6. dxc5 Qa5 7. Qd2 Qxc5 8.
Nd4 a6 9. Be2 O-O 10. Nb3 Qc7 11. Bf3 Bd7 12. O-O Bc6 13. e4 b5 14. Bh6 Nbd7
15. Bxg7 Kxg7 16. Nd5 Bxd5 17. exd5 Ne5 18. Be2 Rac8 19. c3 Nc4 20. Bxc4 bxc4
21. Nd4 Qc5 22. Rfe1 Nxd5 23. Qg5 Nxc3 24. Qxc5 dxc5 25. Ne6+ fxe6 26. bxc3 Kf6
27. Re4 Rfd8 28. Rae1 Rc6 29. Rxc4 Rd2 30. a4 Ra2 31. g3 Rb6 32. Rf4+ Kg7 33.
Re5 Rc6 34. Kg2 Ra3 35. Rc4 Kf6 36. f4 Ra2+ 37. Kf3 Rb6 38. Rce4 Rxh2 39. Rxc5
h5 40. Re2 Rh1 41. a5 Rd6 42. Ke4 Ra1 43. Re3 Rad1 44. Re5 R1d5 45. Kf3 Rc6 46.
Ke2 Rxe5 47. fxe5+ Kf5 48. Kd3 Rc5 49. c4 Rxe5 50. Rf3+ Kg4 51. Re3 Rxa5 52.
Rxe6 g5 53. Kd4 Kxg3 54. Re5 Rxe5 55. Kxe5 h4 56. c5 h3 57. c6 h2 58. c7 h1=Q
59. c8=Q Qe1+ 60. Kf5 0-1

[Event "I Open I Like Elo"]
[Site "Roma ITA"]
[Date "2008.10.29"]
[Round "3"]
[White "Mulas, Icaro"]
[Black "Rampini, Carlo"]
[Result "1-0"]
[WhiteElo "1813"]
[BlackElo "1488"]
[PlyCount "67"]
[EventDate "2008.10.15"]

1. d3 Nf6 2. e4 e5 3. Nf3 Nc6 4. Be2 Be7 5. c4 O-O 6. O-O Re8 7. a3 a5 8. b3
Na7 9. Nc3 d6 10. h3 Bd7 11. Be3 Qb8 12. Qc2 c6 13. Rfb1 h6 14. Na4 Nc8 15. b4
Bd8 16. Nh2 b5 17. Nc3 Bb6 18. Bxb6 Qxb6 19. bxa5 Rxa5 20. Rb3 Be6 21. Rb4 Na7
22. Qb2 Qa6 23. cxb5 cxb5 24. a4 Ra8 25. d4 Bc4 26. dxe5 dxe5 27. Bxc4 bxc4 28.
Rb8+ Rxb8 29. Qxb8+ Kh7 30. Rb1 Nc6 31. Qf8 Qa7 32. Nf3 Nd4 33. Nh4 Qd7 34. Rb8
1-0

[Event "I Open I Like Elo"]
[Site "Roma ITA"]
[Date "2008.10.29"]
[Round "3"]
[White "Pala, Giorgio"]
[Black "Piccolo, Giuseppe"]
[Result "1-0"]
[WhiteElo "1988"]
[BlackElo "1623"]
[PlyCount "52"]
[EventDate "2008.10.15"]

1. e4 e5 2. Nf3 Nc6 3. Bb5 a6 4. Bxc6 dxc6 5. O-O Bg4 6. h3 h5 7. d3 Qf6 8.
Nbd2 Ne7 9. Re1 Ng6 10. hxg4 hxg4 11. Nh2 Qh4 12. Ndf1 g3 13. fxg3 Bc5+ 14. Be3
Qe7 15. Qg4 Bxe3+ 16. Nxe3 Qc5 17. Nf3 Rh7 18. c3 Ke7 19. d4 exd4 20. cxd4 Qb5
21. Nf5+ Kf8 22. Ng5 Rh8 23. Qe2 Re8 24. Qf2 f6 25. Rad1 Ne7 26. Ne6+ Kf7 1-0

[Event "I Open I Like Elo"]
[Site "Roma ITA"]
[Date "2008.10.29"]
[Round "3"]
[White "Riccioni, Luigi"]
[Black "Palama', Pierpaolo"]
[Result "1-0"]
[WhiteElo "1467"]
[BlackElo "1446"]
[PlyCount "23"]
[EventDate "2008.10.15"]

1. e4 e5 2. Nc3 Nf6 3. Bc4 Bc5 4. Nf3 Nc6 5. O-O a6 6. a3 d6 7. h3 b5 8. Ba2
O-O 9. d3 h6 10. Kh1 Nh7 11. Nd5 f5 12. Ne7+ 1-0

[Event "I Open I Like Elo"]
[Site "Roma ITA"]
[Date "2008.10.29"]
[Round "3"]
[White "Sarti, Emanuele"]
[Black "Gatta, Flavio"]
[Result "0-1"]
[WhiteElo "1467"]
[BlackElo "1771"]
[PlyCount "76"]
[EventDate "2008.10.15"]

1. e4 Nf6 2. e5 Nd5 3. d4 d6 4. c4 Nb6 5. Nf3 Bg4 6. Be2 Nc6 7. O-O e6 8. d5
Nb8 9. dxe6 Bxe6 10. Qb3 Be7 11. exd6 Bxd6 12. Qc3 O-O 13. c5 Na4 14. Qb4 Nxc5
15. Rd1 Nc6 16. Qc3 Qe7 17. Bg5 f6 18. Be3 Na4 19. Qc2 Nb6 20. Bxb6 axb6 21.
Re1 Qd7 22. Nc3 Bf5 23. Qb3+ Be6 24. Bc4 Bxc4 25. Qxc4+ Qf7 26. Qh4 Bb4 27. Re4
Bxc3 28. bxc3 Rxa2 29. Rae1 Raa8 30. Qg3 h6 31. Nh4 f5 32. Rf4 Rfe8 33. Rxe8+
Qxe8 34. h3 Ra1+ 35. Kh2 Qe1 36. Qg6 Qe5 37. g3 Qe1 38. g4 Qg1# 0-1

[Event "I Open I Like Elo"]
[Site "Roma ITA"]
[Date "2008.10.29"]
[Round "3"]
[White "Silvestri, Maurizio"]
[Black "Attanasi, Salvatore"]
[Result "1/2-1/2"]
[WhiteElo "1627"]
[BlackElo "1784"]
[PlyCount "42"]
[EventDate "2008.10.15"]

1. d4 f5 2. g3 Nf6 3. Bg2 g6 4. c4 Bg7 5. Nf3 d6 6. Nc3 O-O 7. O-O Qe8 8. d5 e5
9. dxe6 Bxe6 10. Nd4 Nc6 11. Nxe6 Qxe6 12. Nd5 Qd7 13. Rb1 Rab8 14. Nxf6+ Bxf6
15. c5 Rfd8 16. cxd6 Qxd6 17. Bf4 Qe7 18. Qb3+ Kh8 19. Bxc6 bxc6 20. Qc2 c5 21.
Bc1 Rd5 1/2-1/2

[Event "I Open I Like Elo"]
[Site "Roma ITA"]
[Date "2008.11.05"]
[Round "4"]
[White "Antonelli, Mauro"]
[Black "Urzi', Silvio"]
[Result "1-0"]
[WhiteElo "2075"]
[BlackElo "1806"]
[PlyCount "83"]
[EventDate "2008.10.15"]

1. d4 d5 2. c4 e6 3. Nc3 c5 4. cxd5 exd5 5. Nf3 Nc6 6. g3 Nf6 7. Bg2 Be7 8. O-O
O-O 9. Bg5 Be6 10. Rc1 cxd4 11. Nxd4 Bc5 12. Nxc6 bxc6 13. Na4 Be7 14. Rxc6 Qd7
15. Rc1 Bh3 16. Qd4 Bxg2 17. Kxg2 h6 18. Bf4 Nh5 19. Nc5 Nxf4+ 20. Qxf4 Qb5 21.
Qd4 Qxe2 22. Nd7 Rfe8 23. Qxd5 Qxb2 24. Ne5 Rf8 25. Ng6 Rad8 26. Nxe7+ Kh8 27.
Qb3 Qd4 28. Nc6 Qe4+ 29. Qf3 Qxf3+ 30. Kxf3 Rd3+ 31. Kg2 Ra3 32. Rc2 Rc8 33.
Rfc1 a6 34. h4 Kh7 35. Ne5 Rf8 36. h5 Ra5 37. Nd7 Rd8 38. Rd1 Re8 39. Rd6 Rxh5
40. Rxa6 Rd5 41. Ra7 Re7 42. Nf6+ 1-0

[Event "I Open I Like Elo"]
[Site "Roma ITA"]
[Date "2008.11.05"]
[Round "4"]
[White "Attanasi, Salvatore"]
[Black "Sarti, Emanuele"]
[Result "1-0"]
[WhiteElo "1784"]
[BlackElo "1467"]
[PlyCount "67"]
[EventDate "2008.10.15"]

1. e4 d5 2. exd5 Nf6 3. d4 Nxd5 4. c4 Nf6 5. Nf3 Bf5 6. Nc3 e6 7. Be2 Nc6 8. a3
Bg4 9. Be3 Bxf3 10. Bxf3 Qd7 11. Qa4 Be7 12. O-O O-O 13. Rfd1 a6 14. Bxc6 bxc6
15. Rac1 Rfb8 16. b4 Ng4 17. d5 Bd6 18. h3 Nxe3 19. fxe3 Qe7 20. c5 Bg3 21. Ne4
Qh4 22. Nxg3 Qxg3 23. dxc6 Qxe3+ 24. Kh1 a5 25. b5 Rd8 26. Rxd8+ Rxd8 27. Rd1
Rxd1+ 28. Qxd1 Qxc5 29. Qd8+ Qf8 30. Qxf8+ Kxf8 31. b6 cxb6 32. c7 g6 33. c8=Q+
Kg7 34. Qc7 1-0

[Event "I Open I Like Elo"]
[Site "Roma ITA"]
[Date "2008.11.05"]
[Round "4"]
[White "Di Dario, Dario"]
[Black "Mazza, Maurizio"]
[Result "1/2-1/2"]
[WhiteElo "1622"]
[BlackElo "1765"]
[PlyCount "117"]
[EventDate "2008.10.15"]

1. d4 d5 2. Nf3 Nf6 3. e3 Bf5 4. Nbd2 Nbd7 5. c4 e6 6. b3 c5 7. Bb2 Bd6 8. Be2
O-O 9. O-O Re8 10. Ne5 dxc4 11. bxc4 cxd4 12. exd4 Qc7 13. f4 Rad8 14. Ndf3 Ne4
15. c5 Bxe5 16. fxe5 Ndxc5 17. Rc1 Qb6 18. Ba3 Na6 19. Qa4 Rc8 20. Rb1 Qc7 21.
Rfc1 Nc3 22. Rxc3 Qxc3 23. Rb3 Qa1+ 24. Kf2 Bc2 25. Bb2 Bxb3 26. Qxe8+ Rxe8 27.
Bxa1 Bxa2 28. Bc3 Rc8 29. Bd2 Bc4 30. Bd1 h6 31. Ke3 Nc7 32. g3 Nd5+ 33. Kf2 b5
34. Ne1 b4 35. Nc2 a5 36. Na1 Rb8 37. Ba4 b3 38. Nxb3 Bxb3 39. Bc6 a4 40. Bc1
Rc8 41. Bxd5 Bxd5 42. Ba3 Rc2+ 43. Kg1 Kh7 44. h3 Kg6 45. g4 Kg5 46. Bf8 h5 47.
Be7+ Kf4 48. gxh5 Kg3 49. Bg5 Rc1+ 50. Bxc1 Kxh3 51. Kf2 Kg4 52. h6 gxh6 53.
Bxh6 a3 54. Bc1 a2 55. Bb2 Kf5 56. Ke3 Bc4 57. Ba1 f6 58. exf6 Kxf6 59. d5+
1/2-1/2